000 01118nam a2200313Ia 4500
005 20220317001833.0
007 ta
008 210917s2013 mx er 001 0dspa d
020 _a9786074007572
040 _aCO-BoRNBP
_bspa
_erda
_cCO-BoRNBP
041 0 _aspa
082 0 4 _a809.89282
_bM17u
_222
100 1 _aMartín Garzo, Gustavo
_d1948-
_eautor
245 1 4 _aUna casa de palabras
_ben torno a los cuentos maravillosos
_cGustavo Martín Garzo
250 _aPrimera edición
264 1 _aMéxico
_bEditorial Océano
_bOcéano Travesía
_c2013
300 _a239 páginas
_c21 cm
336 _atexto
_btxt
_2rdacontent
337 _asin mediación
_bn
_2rdamedia
338 _avolumen
_bnc
_2rdacarrier
490 0 _aÁgora
500 _aIncluye índice onomástico de obras y personajes al final del texto
521 _aRecomendado para un público adulto
545 _aIncluye datos biográficos del autor en la solapa
650 1 7 _aCuentos infantiles
_vHistoria y critica
_2LEMB
650 1 7 _aLibros y lectura
_vHistoria y critica
_2LEMB
650 1 7 _aPsicología de la literatura
_2LEMB
942 _2ddc
_cBK
999 _c8257
_d8257